[Event "MCR mladeze, Kouty 2015 - D10"]
[Site "Kouty nad Desnou"]
[Date "2015.03.07"]
[Round "1"]
[White "Bastincova, Hana"]
[Black "Vavrinkova, Marie"]
[Result "1-0"]
[WhiteElo "1133"]
[BlackElo "1000"]
[PlyCount "53"]
[EventDate "2015.03.07"]

1. e4 e5 2. Nf3 Nc6 3. Nc3 Nf6 4. Bb5 Be7 5. d3 d6 6. O-O Bg4 7. Re1 O-O 8. Bg5
Re8 9. Bxc6 bxc6 10. Rb1 d5 11. b3 Bb4 12. Bd2 d4 13. Na4 Bxd2 14. Qxd2 Bxf3
15. gxf3 Qd6 16. Kh1 Rad8 17. Rg1 g6 18. Rg3 Qa3 19. Rbg1 Qxa2 20. Qg5 Re6 21.
Nc5 Ree8 22. Qxf6 Qxc2 23. b4 Rb8 24. Rh3 Rxb4 25. Qh4 Kf8 26. Nd7+ Kg7 27.
Qxh7# 1-0

[Event "MCR mladeze, Kouty 2015 - D10"]
[Site "Kouty nad Desnou"]
[Date "2015.03.09"]
[Round "3"]
[White "Vavrinkova, Marie"]
[Black "Habinova, Alice"]
[Result "0-1"]
[WhiteElo "1000"]
[BlackElo "1181"]
[PlyCount "66"]
[EventDate "2015.03.07"]

1. e4 c5 2. Nf3 e6 3. d4 cxd4 4. Nxd4 Nc6 5. Nc3 Nf6 6. g3 Bb4 7. Bg2 d5 8.
Nxc6 bxc6 9. e5 Ne4 10. Bxe4 dxe4 11. Qxd8+ Kxd8 12. O-O Ba6 13. Rd1+ Kc7 14.
Nxe4 f5 15. Ng5 Rae8 16. Be3 h6 17. c3 Be7 18. Ne4 fxe4 19. Rd4 g5 20. Rad1 Kb8
21. Rd7 h5 22. Bxa7+ Kc8 23. R7d4 h4 24. Rxe4 c5 25. Rc1 Kb7 26. a3 Kxa7 27. b4
cxb4 28. cxb4 Rd8 29. a4 Bd3 30. Rc7+ Kb6 31. Rxe7 Bxe4 32. a5+ Ka6 33. Rg7
Rd1# 0-1

[Event "MCR mladeze, Kouty 2015 - D10"]
[Site "Kouty nad Desnou"]
[Date "2015.03.10"]
[Round "4"]
[White "Szuscikova, Natalie"]
[Black "Vavrinkova, Marie"]
[Result "1-0"]
[WhiteElo "1087"]
[BlackElo "1000"]
[PlyCount "21"]
[EventDate "2015.03.07"]

1. e4 e5 2. Nf3 Nc6 3. d4 exd4 4. Bc4 Nf6 5. O-O Nxe4 6. Re1 d5 7. Bxd5 Qxd5 8.
Nc3 Qa5 9. Nxe4 Bg4 10. Nf6+ Kd8 11. Re8# 1-0

[Event "MCR mladeze, Kouty 2015 - D10"]
[Site "Kouty nad Desnou"]
[Date "2015.03.10"]
[Round "5"]
[White "Michalkova, Viktorie Nela"]
[Black "Vavrinkova, Marie"]
[Result "0-1"]
[WhiteElo "1100"]
[BlackElo "1000"]
[PlyCount "142"]
[EventDate "2015.03.07"]

1. e4 e5 2. Nf3 Nc6 3. Nc3 Nf6 4. Bc4 Be7 5. d3 h6 6. Be3 d6 7. h3 Bd7 8. O-O
O-O 9. Qd2 Be6 10. Bb3 d5 11. exd5 Nxd5 12. Nxd5 Bxd5 13. Bxd5 Qxd5 14. c4 Qd7
15. d4 e4 16. Nh2 Bd6 17. f3 Bxh2+ 18. Kxh2 Qd6+ 19. Bf4 Qxd4 20. Qe2 exf3 21.
gxf3 Qxf4+ 22. Kh1 Rfe8 23. Qg2 g6 24. Qf2 Ne5 25. h4 Rad8 26. Rg1 Qd4 27. Qg3
Kf8 28. h5 Qxb2 29. Raf1 Rd2 30. f4 Rd3 31. Qf2 Qxf2 32. Rxf2 Rh3+ 33. Rh2
Rxh2+ 34. Kxh2 Nf3+ 35. Kg2 Nxg1 36. Kxg1 Re1+ 37. Kf2 Rh1 38. Kf3 Rxh5 39. Ke4
g5 40. f5 g4 41. f6 g3 42. Kf3 Rh3 43. a4 c6 44. c5 b5 45. axb5 Rh1 46. bxc6
Rc1 47. Kxg3 Rxc5 48. Kf4 Rxc6 49. Ke4 Rxf6 50. Ke5 Rf1 51. Ke4 f5+ 52. Ke5 Ke7
53. Kd4 Rd1+ 54. Ke5 a5 55. Kxf5 Kf7 56. Ke5 Re1+ 57. Kd5 Rd1+ 58. Ke5 h5 59.
Kf5 Rf1+ 60. Ke5 Kg6 61. Ke4 Kg5 62. Ke5 Rf5+ 63. Ke4 h4 64. Kd4 Rf4+ 65. Ke5
h3 66. Kd5 h2 67. Kc5 h1=Q 68. Kb5 Qd5+ 69. Kb6 Rf6+ 70. Ka7 Qd7+ 71. Ka8 Rf8#
0-1

[Event "MCR mladeze, Kouty 2015 - D10"]
[Site "Kouty nad Desnou"]
[Date "2015.03.11"]
[Round "6"]
[White "Vavrinkova, Marie"]
[Black "Karpecka, Marie"]
[Result "0-1"]
[WhiteElo "1000"]
[BlackElo "1123"]
[PlyCount "46"]
[EventDate "2015.03.07"]

1. e4 e5 2. Nf3 Nc6 3. Bc4 Nf6 4. Nc3 Bc5 5. d3 h6 6. h3 d6 7. Bd2 Nd4 8. O-O
Nh5 9. Re1 Qf6 10. Nd5 Qg6 11. Nxc7+ Kd8 12. Nxa8 Bxh3 13. g3 Nxc2 14. Qxc2
Nxg3 15. Nh4 Qg4 16. Kh2 Bxf2 17. Bg5+ hxg5 18. Qxf2 Rxh4 19. Qxg3 Bf1+ 20. Kg1
Qxg3+ 21. Kxf1 Qf3+ 22. Kg1 Rg4+ 23. Kh2 Qg2# 0-1

[Event "MCR mladeze, Kouty 2015 - D10"]
[Site "Kouty nad Desnou"]
[Date "2015.03.12"]
[Round "7"]
[White "Vavrinkova, Marie"]
[Black "Sulcova, Tereza"]
[Result "1-0"]
[WhiteElo "1000"]
[BlackElo "1000"]
[PlyCount "51"]
[EventDate "2015.03.07"]

1. e4 e5 2. Nf3 Nc6 3. Bc4 Nf6 4. c3 Bc5 5. d4 exd4 6. cxd4 Nxd4 7. Nxd4 Bxd4
8. Qxd4 O-O 9. e5 Re8 10. O-O Nh5 11. Be3 h6 12. Qe4 d6 13. Bd3 g6 14. Bxh6
Rxe5 15. Qd4 Bf5 16. Bxf5 Rxf5 17. g4 Qf6 18. Qxf6 Rxf6 19. gxh5 gxh5 20. Nd2
Rg6+ 21. Kh1 Rxh6 22. Rg1+ Rg6 23. Rxg6+ fxg6 24. Rg1 Kh7 25. Ne4 Re8 26. Nf6+
1-0

[Event "MCR mladeze, Kouty 2015 - D10"]
[Site "Kouty nad Desnou"]
[Date "2015.03.13"]
[Round "8"]
[White "Brabencova, Aneta"]
[Black "Vavrinkova, Marie"]
[Result "1-0"]
[WhiteElo "1000"]
[BlackElo "1000"]
[PlyCount "69"]
[EventDate "2015.03.07"]

1. e4 e5 2. d4 exd4 3. Bc4 Nc6 4. Qf3 Qf6 5. Qe2 Bc5 6. Nf3 d6 7. Ng5 Be6 8.
O-O Nge7 9. c3 O-O 10. Qh5 Rfe8 11. Qxh7+ Kf8 12. Qh8+ Ng8 13. Nh7+ Ke7 14.
Nxf6 Nxf6 15. Qh4 Bxc4 16. Re1 Rad8 17. Bf4 Kf8 18. Qh8+ Ke7 19. Qh4 Kd7 20.
Qh3+ Be6 21. Qd3 Bd5 22. f3 dxc3+ 23. Be3 cxb2 24. Nc3 Nb4 25. Qb5+ c6 26.
Qxb7+ Ke6 27. exd5+ Nfxd5 28. Bxc5+ Kf6 29. Bd4+ Kg6 30. Nxd5 Nc2 31. Nf4+ Kh7
32. Qxf7 Rxe1+ 33. Rxe1 Rg8 34. Qg6+ Kh8 35. Qh5# 1-0

[Event "MCR mladeze, Kouty 2015 - H14"]
[Site "Kouty nad Desnou"]
[Date "2015.03.07"]
[Round "1"]
[White "Zitny, Michal"]
[Black "Dolansky, Lukas"]
[Result "1/2-1/2"]
[WhiteElo "1524"]
[BlackElo "1766"]
[PlyCount "57"]
[EventDate "2015.03.07"]

1. d4 d5 2. c4 e6 3. cxd5 exd5 4. Nc3 Nf6 5. Bg5 c6 6. Qc2 Nbd7 7. e3 Bd6 8.
Bd3 h6 9. Bh4 O-O 10. Nf3 Re8 11. O-O Nf8 12. Rab1 Bg4 13. Bg3 Bxf3 14. gxf3
Nh5 15. f4 g6 16. Ne2 Ng7 17. Kh1 h5 18. f5 Bxg3 19. Nxg3 h4 20. Ne2 g5 21. Rg1
Rc8 22. b4 Nd7 23. Rg4 f6 24. Rbg1 Qe7 25. Qb3 Kh8 26. Nf4 Nf8 27. Nh3 Nh7 28.
Qb1 Rg8 29. R1g2 1/2-1/2

[Event "MCR mladeze, Kouty 2015 - H14"]
[Site "Kouty nad Desnou"]
[Date "2015.03.08"]
[Round "2"]
[White "Petr, Jakub"]
[Black "Zitny, Michal"]
[Result "1-0"]
[WhiteElo "1738"]
[BlackElo "1524"]
[PlyCount "53"]
[EventDate "2015.03.07"]

1. e4 c6 2. d4 d5 3. Nd2 dxe4 4. Nxe4 Bf5 5. Ng3 Bg6 6. h4 h6 7. Nf3 Nf6 8. Ne5
Bh7 9. Bd3 Bxd3 10. Qxd3 Nbd7 11. Bf4 e6 12. O-O-O Nd5 13. Bd2 Nxe5 14. dxe5
Be7 15. h5 Qb6 16. Ne4 Rd8 17. Qg3 Kf8 18. f4 Rg8 19. Rhf1 g6 20. f5 exf5 21.
Bxh6+ Ke8 22. Nf6+ Bxf6 23. exf6 Nc7 24. Rxd8+ Kxd8 25. Qd6+ Kc8 26. hxg6 Qa6
27. Rd1 1-0

[Event "MCR mladeze, Kouty 2015 - H14"]
[Site "Kouty nad Desnou"]
[Date "2015.03.09"]
[Round "3"]
[White "Zitny, Michal"]
[Black "Solc, Filip"]
[Result "1/2-1/2"]
[WhiteElo "1524"]
[BlackElo "1833"]
[PlyCount "68"]
[EventDate "2015.03.07"]

1. d4 Nf6 2. c4 g6 3. Nc3 Bg7 4. Nf3 d6 5. g3 O-O 6. Bg2 Nbd7 7. O-O Re8 8. Re1
e5 9. e4 c6 10. Be3 Ng4 11. Qd2 Nxe3 12. Qxe3 a6 13. Rad1 Qc7 14. d5 c5 15. Rb1
Rf8 16. Ng5 h6 17. Nh3 f5 18. Kh1 Nf6 19. f3 Bd7 20. Rf1 b5 21. b3 b4 22. Ne2
Nh5 23. f4 fxe4 24. Nf2 exf4 25. Nxf4 Bd4 26. Qe2 Nxf4 27. gxf4 e3 28. Ne4 Rae8
29. Ng3 Rf7 30. Rbe1 Ref8 31. Qd3 Kg7 32. Ne2 Qb6 33. Be4 Bf5 34. Rg1 Bxe4+
1/2-1/2

[Event "MCR mladeze, Kouty 2015 - H14"]
[Site "Kouty nad Desnou"]
[Date "2015.03.10"]
[Round "4"]
[White "Ochmyt, Jakub"]
[Black "Zitny, Michal"]
[Result "1/2-1/2"]
[WhiteElo "1542"]
[BlackElo "1524"]
[PlyCount "56"]
[EventDate "2015.03.07"]

1. d4 Nf6 2. c4 g6 3. Nc3 d5 4. cxd5 Nxd5 5. e4 Nxc3 6. bxc3 Bg7 7. Be3 c5 8.
Nf3 O-O 9. Rc1 Qa5 10. Qd2 Rd8 11. Be2 Nc6 12. d5 Ne5 13. Nxe5 Bxe5 14. f4 Bg7
15. c4 Qxd2+ 16. Kxd2 b6 17. Rhd1 Bb7 18. Rb1 Rab8 19. Rb3 e6 20. Ke1 exd5 21.
exd5 Re8 22. Rdb1 Bf8 23. Kf2 Bd6 24. a4 Ba6 25. a5 Bc7 26. axb6 axb6 27. Ra1
Ra8 28. Rba3 Bb7 1/2-1/2

[Event "MCR mladeze, Kouty 2015 - H14"]
[Site "Kouty nad Desnou"]
[Date "2015.03.10"]
[Round "5"]
[White "Zitny, Michal"]
[Black "Filip, Tomas"]
[Result "1/2-1/2"]
[WhiteElo "1524"]
[BlackElo "1710"]
[PlyCount "56"]
[EventDate "2015.03.07"]

1. d4 d5 2. c4 e6 3. cxd5 exd5 4. Nc3 c6 5. Nf3 Bf5 6. Bf4 Nf6 7. e3 Be7 8. Bd3
Bxd3 9. Qxd3 O-O 10. O-O Nbd7 11. Rab1 Re8 12. b4 a6 13. a4 Bf8 14. Bg5 h6 15.
Bh4 g5 16. Bg3 Ne4 17. Nd2 f5 18. f3 Nxc3 19. Qxc3 Qe7 20. Rfe1 Qf6 21. e4 Bg7
22. e5 Qg6 23. f4 Nf8 24. Rf1 Ne6 25. Nb3 h5 26. h4 gxh4 27. Bxh4 Bh6 28. Qg3
Qxg3 1/2-1/2

[Event "MCR mladeze, Kouty 2015 - H14"]
[Site "Kouty nad Desnou"]
[Date "2015.03.11"]
[Round "6"]
[White "Pavlik, Vladimir"]
[Black "Zitny, Michal"]
[Result "1-0"]
[WhiteElo "1573"]
[BlackElo "1524"]
[PlyCount "75"]
[EventDate "2015.03.07"]

1. e4 c6 2. d4 d5 3. exd5 cxd5 4. c4 Nf6 5. Nc3 Nc6 6. Bg5 e6 7. Nf3 Be7 8. c5
O-O 9. Bb5 Bd7 10. O-O a6 11. Bxc6 Bxc6 12. Ne5 Qc7 13. Re1 a5 14. a3 Rfb8 15.
Bf4 Rc8 16. Bg3 Qd8 17. Qe2 Nd7 18. b4 Nxe5 19. Bxe5 Bf6 20. b5 Bd7 21. Rab1
Qe7 22. Na4 Rf8 23. Bd6 Qe8 24. Bxf8 Qxf8 25. Nb6 Rd8 26. Nxd7 Rxd7 27. Red1
Rd8 28. Qd2 Ra8 29. b6 Qe8 30. Qc2 Qc6 31. a4 e5 32. dxe5 Bxe5 33. Qb3 d4 34.
Qb5 Qh6 35. g3 Qe6 36. Re1 Qf6 37. c6 Bxg3 38. hxg3 1-0

[Event "MCR mladeze, Kouty 2015 - H14"]
[Site "Kouty nad Desnou"]
[Date "2015.03.12"]
[Round "7"]
[White "Nehyba, Martin"]
[Black "Zitny, Michal"]
[Result "1/2-1/2"]
[WhiteElo "1711"]
[BlackElo "1524"]
[PlyCount "82"]
[EventDate "2015.03.07"]

1. e4 c6 2. d4 d5 3. exd5 cxd5 4. Bf4 Nc6 5. Nc3 a6 6. Nf3 Nf6 7. Be2 Bg4 8.
O-O e6 9. Ne5 Bxe2 10. Nxe2 Bd6 11. Nxc6 bxc6 12. Bxd6 Qxd6 13. c3 O-O 14. Ng3
Rab8 15. Qc2 c5 16. dxc5 Qxc5 17. Rac1 Rfc8 18. b3 Ne8 19. Qd2 Nd6 20. Rfd1 Qa5
21. c4 Qxd2 22. Rxd2 Rc5 23. Rcd1 Nxc4 24. bxc4 Rxc4 25. f3 h6 26. Kf2 Rb5 27.
Re2 Kf8 28. h3 Rbc5 29. Rdd2 a5 30. Nf1 Rc3 31. Ne3 Rb5 32. Rc2 Ra3 33. Rc8+
Ke7 34. Rc7+ Ke8 35. Ng4 d4 36. Rd2 h5 37. Nh2 e5 38. Nf1 h4 39. Nh2 Rc3 40.
Ra7 Kf8 41. Rd7 Ke8 1/2-1/2